| 000 | 02246nam a2200289 a 4500 | ||
|---|---|---|---|
| 008 | 120416s1976 ||||||||||||||||| || u | ||
| 050 | _aHF 5667 Dep | ||
| 100 | _aDe Paula, F. Clive | ||
| 245 | 1 | 0 | _aAuditing: Principles and practice |
| 260 |
_aLondon _bPitman _c1976 |
||
| 300 | _a363p. | ||
| 350 | _a0.00 | ||
| 650 | _aTEXTBOOKS | ||
| 650 | _aAUDITING | ||
| 995 |
_aMAIN LIBRARY OPEN ACCESS _D0.00 _e702095 _FCBU-MAIN LIBRARY (Kitwe) _H4 _I0.00 _jHF 5667 Dep _M3 _ULOST _y007334 _ZMain Library Open Access Collection |
||
| 995 |
_aTEXTBOOKS (SB) _D0.00 _e1460 _FCBU-SCHOOL TEXTBOOK COLLECTIONS _H1 _I0.00 _jSCHOOL TEXTBOOK _M11 _UAVAILABLE _WOct 7, 2009 _y1460 _ZSchool Collections |
||
| 995 |
_aANNEX COLLECTION (Main Library) _D0.00 _e702094 _FCBU-MAIN LIBRARY (Kitwe) _H7 _I0.00 _jHF 5667 Dep _M4 _UAVAILABLE _y007335 _ZAnnex Low-Usage Collection |
||
| 995 |
_aANNEX COLLECTION (Main Library) _D0.00 _e702093 _FCBU-MAIN LIBRARY (Kitwe) _H5 _I0.00 _jHF 5667 Dep _M2 _UAVAILABLE _y007333 _ZAnnex Low-Usage Collection |
||
| 995 |
_aANNEX COLLECTION (Main Library) _D0.00 _e725984 _FCBU-MAIN LIBRARY (Kitwe) _H2 _I0.00 _jHF 5667 Dep _M1 _UAVAILABLE _y007332 _ZAnnex Low-Usage Collection |
||
| 995 |
_aTEXTBOOKS (SB) _D0.00 _e1457 _FCBU-SCHOOL TEXTBOOK COLLECTIONS _H1 _I0.00 _jSCHOOL TEXTBOOK _M8 _UAVAILABLE _WOct 7, 2009 _y1457 _ZSchool Collections |
||
| 995 |
_aTEXTBOOKS (SB) _D0.00 _e1461 _FCBU-SCHOOL TEXTBOOK COLLECTIONS _H1 _I0.00 _jSCHOOL TEXTBOOK _M12 _UAVAILABLE _WOct 7, 2009 _y1461 _ZSchool Collections |
||
| 995 |
_aANNEX COLLECTION (Main Library) _D0.00 _e702092 _FCBU-MAIN LIBRARY (Kitwe) _H3 _I0.00 _jHF 5667 Dep _M5 _UAVAILABLE _y007336 _ZAnnex Low-Usage Collection |
||
| 995 |
_aBINDERY (DAMAGED) _D0.00 _e718726 _FCBU-MAIN LIBRARY (Kitwe) _H1 _I0.00 _jHF 5667 Dep _M6 _UDAMAGED _y020274 _ZMain Library Open Access Collection |
||
| 995 |
_aMAIN LIBRARY OPEN ACCESS _D0.00 _e702103 _FCBU-MAIN LIBRARY (Kitwe) _H6 _I0.00 _jHF 5667 Dep _M7 _UAVAILABLE _y702103 _ZMain Library Open Access Collection |
||
| 995 |
_aTEXTBOOKS (SB) _D0.00 _e1458 _FCBU-SCHOOL TEXTBOOK COLLECTIONS _H1 _I0.00 _jSCHOOL TEXTBOOK _M9 _UAVAILABLE _WOct 7, 2009 _y1458 _ZSchool Collections |
||
| 995 |
_aTEXTBOOKS (SB) _D0.00 _e1459 _FCBU-SCHOOL TEXTBOOK COLLECTIONS _H1 _I0.00 _jSCHOOL TEXTBOOK _M10 _UAVAILABLE _WOct 7, 2009 _y1459 _ZSchool Collections |
||
| 999 |
_c84467 _d84467 |
||